000
00294nam a22001337a 4500
008
181031b xxu||||| |||| 00| 0 eng d
020
_a
9780073535890
041
_a
eng
080
_a
101
100
_a
24
101
_a
FIL
245
_a
Problems from Philosophy
_c
Rachels, J
942
_2
udc
_c
BK
999
_c
51327
_d
51327